Tartufo - Don Juan o El convidado de piedra

Spremljeno u:
Bibliografski detalji
Glavni autor: Moliére
Format: Knjiga
Jezik:Undetermined
Izdano: Madrid, España Espasa-Calpe 1968
Izdanje:4
Teme:
Oznake: Dodaj oznaku
Bez oznaka, Budi prvi tko označuje ovaj zapis!

MARC

LEADER 00000nam a2200000Ia 4500
008 170316s9999 xx 000 0 und d
040 |a cru BVZT 
090 |a 840 M-22ta 
100 |a Moliére 
245 |a Tartufo - Don Juan o El convidado de piedra 
250 |a 4 
260 |a Madrid, España 
260 |b Espasa-Calpe 
260 |c 1968 
300 |a 159 páginas 
650 |a LITERATURA FRANCESA 
999 |c 7832  |d 7832 
942 |c 15 D  |h 840 M-22ta  |2 z